[Event "Curitiba Parana-ch"]
[Site "Curitiba"]
[Date "2016.01.30"]
[Round "7"]
[White "Loss, Victor Pinheiro Cos"]
[Black "Bianeck, Misrael"]
[Result "0-1"]
[WhiteElo "1143"]
[BlackElo "1664"]
[PlyCount "54"]
[EventDate "2016.01.26"]
[EventType "swiss"]
[EventRounds "8"]
[EventCountry "BRA"]
[SourceTitle "CBM 170 Extra"]
[Source "ChessBase"]
[SourceDate "2016.02.25"]
[SourceVersion "1"]
[SourceVersionDate "2016.02.25"]
[SourceQuality "1"]

1. e4 e5 2. Nf3 Nc6 3. Bc4 Bc5 4. c3 Nf6 5. d4 exd4 6. cxd4 Bb4+ 7. Nc3 d5 8. exd5 Nxd5 9. 0-0 Bxc3 10. bxc3 0-0 11. Bd3 Bg4 12. Bxh7+ Kxh7 13. Ng5+ Qxg5 14. Bxg5 Bxd1 15. Rfxd1 Nxc3 16. Rd3 Ne2+ 17. Kf1 Nexd4 18. Rad1 Ne6 19. Rh3+ Kg8 20. Bc1 Rad8 21. Bd2 Nf4 22. Rh4 g5 23. Rg4 Ne6 24. h4 f5 25. Rg3 g4 26. f3 Rd3 27. Kf2 Rfd8 0-1

[Event "Curitiba Parana-ch"]
[Site "Curitiba"]
[Date "2016.01.29"]
[Round "6"]
[White "Bianeck, Misrael"]
[Black "Mileski, Lucas de Souza"]
[Result "1-0"]
[WhiteElo "1664"]
[BlackElo "1775"]
[PlyCount "57"]
[EventDate "2016.01.26"]
[EventType "swiss"]
[EventRounds "8"]
[EventCountry "BRA"]
[SourceTitle "CBM 170 Extra"]
[Source "ChessBase"]
[SourceDate "2016.02.25"]
[SourceVersion "1"]
[SourceVersionDate "2016.02.25"]
[SourceQuality "1"]

1. d4 d5 2. c4 e6 3. Nf3 Nf6 4. g3 Bb4+ 5. Nbd2 0-0 6. Bg2 Nbd7 7. 0-0 b6 8. cxd5 exd5 9. a3 Bd6 10. b4 Bb7 11. Bb2 Re8 12. e3 Qe7 13. Qc2 Rac8 14. Bh3 c5 15. dxc5 bxc5 16. Bxf6 gxf6 17. Qf5 Rc7 18. Qh5 c4 19. Nd4 Be5 20. Nf5 Qf8 21. Nh6+ Kg7 22. Bf5 Bxa1 23. Ng4 Qh8 24. Qh6+ Kg8 25. Rxa1 Qg7 26. Bxd7 Rxd7 27. Nxf6+ Qxf6 28. Qxf6 Re6 29. Qd4 1-0

[Event "Curitiba Parana-ch"]
[Site "Curitiba"]
[Date "2016.01.28"]
[Round "4"]
[White "Bianeck, Misrael"]
[Black "Martins, Rullyans Diego"]
[Result "1-0"]
[WhiteElo "1664"]
[BlackElo "1528"]
[PlyCount "45"]
[EventDate "2016.01.26"]
[EventType "swiss"]
[EventRounds "8"]
[EventCountry "BRA"]
[SourceTitle "CBM 170 Extra"]
[Source "ChessBase"]
[SourceDate "2016.02.25"]
[SourceVersion "1"]
[SourceVersionDate "2016.02.25"]
[SourceQuality "1"]

1. e4 c5 2. Nf3 Nc6 3. d4 cxd4 4. Nxd4 a6 5. Nc3 e5 6. Nb3 Nf6 7. Bg5 Bb4 8. f3 h6 9. Bd2 Bxc3 10. Bxc3 Nh5 11. Qd2 Rb8 12. 0-0-0 0-0 13. g4 Nf4 14. Bxe5 Nd3+ 15. Bxd3 Nxe5 16. f4 Nxg4 17. Rhg1 Nf6 18. e5 Ne8 19. f5 Qh4 20. f6 Nxf6 21. exf6 Qxf6 22. Rdf1 Qb6 23. Qf4 1-0